000 00340nam a2200133Ia 4500
008 151001s9999||||xx |||||||||||||| ||und||
100 _aमधुकर केचे
245 _aपालखीच्या संगे
250 _a1
260 _bठाकूर आणि कं
260 _c1965
300 _a123
365 _b18
999 _c958171
_d958168